[Event "Stay Safe Play From Home 165"]
[Site "T#646231Emanuel Laske"]
[Date "2020.05.21"]
[Round "2"]
[White "Grizzzly"]
[Black "Sfantul321"]
[Result "0-1"]
[WhiteElo "1656"]
[BlackElo "2052"]
[Annotator "NA"]
[PlyCount "80"]
[EventDate "2020.05.21"]
[EventType "swiss (blitz)"]

1. d4 {[%emt 0:00:03]} d5 {[%emt 0:00:01]} 2. c4 {[%emt 0:00:04]} dxc4 {[%emt 0:00:02]} 3. e3 {[%emt 0:00:01]} Bf5 {[%emt 0:00:01]} 4. Bxc4 {[%emt 0:00:02]} e6 {[%emt 0:00:01]} 5. Qb3 {[%emt 0:00:02]} b6 {[%emt 0:00:02]} 6. Nf3 {[%emt 0:00:02]} Nf6 {[%emt 0:00:01]} 7. O-O {[%emt 0:00:01]} Nbd7 {[%emt 0:00:02]} 8. Nc3 {[%emt 0:00:02]} a6 {[%emt 0:00:01]} 9. Rd1 {[%emt 0:00:07]} Bd6 {[%emt 0:00:03]} 10. Bd2 {[%emt 0:00:22]} h6 {[%emt 0:00:02]} 11. Rac1 {[%emt 0:00:01]} O-O {[%emt 0:00:01]} 12. Ne2 {[%emt 0:00:08]} b5 {[%emt 0:00:05]} 13. Bd3 {[%emt 0:00:02]} Bg4 {[%emt 0:00:02]} 14. Ne1 {[%emt 0:00:11]} c5 {[%emt 0:00:03]} 15. f3 {[%emt 0:00:01]} c4 {[%emt 0:00:02]} 16. Bxc4 {[%emt 0:00:09]} bxc4 {[%emt 0:00:01]} 17. Rxc4 {[%emt 0:00:02]} Bh5 {[%emt 0:00:04]} 18. e4 {[%emt 0:00:08]} e5 {[%emt 0:00:03]} 19. d5 {[%emt 0:00:01]} Rb8 {[%emt 0:00:09]} 20. Qc2 {[%emt 0:00:02]} Qb6+ {[%emt 0:00:02]} 21. Kh1 {[%emt 0:00:15]} Qf2 {[%emt 0:00:02]} 22. Ng1 {[%emt 0:00:23]} Bg6 {[%emt 0:00:03]} 23. Nd3 {[%emt 0:00:01]} Qa7 {[%emt 0:00:08]} 24. Bb4 {[%emt 0:00:04]} Bxb4 {[%emt 0:00:02]} 25. Nxb4 {[%emt 0:00:01]} Qb6 {[%emt 0:00:04]} 26. Nc6 {[%emt 0:00:01]} Ra8 {[%emt 0:00:03]} 27. Ne7+ {[%emt 0:00:02]} Kh7 {[%emt 0:00:01]} 28. Nxg6 {[%emt 0:00:00]} fxg6 {[%emt 0:00:02]} 29. Rc6 {[%emt 0:00:02]} Qb5 {[%emt 0:00:04]} 30. Ne2 {[%emt 0:00:01]} Rab8 {[%emt 0:00:01]} 31. b3 {[%emt 0:00:02]} Nh5 {[%emt 0:00:04]} 32. Ng3 {[%emt 0:00:01]} Nxg3+ {[%emt 0:00:01]} 33. hxg3 {[%emt 0:00:00]} Nf6 {[%emt 0:00:00]} 34. Qc3 {[%emt 0:00:08]} Nh5 {[%emt 0:00:06]} 35. Qxe5 {[%emt 0:00:01]} Rbe8 {[%emt 0:00:06]} 36. Qc7 {[%emt 0:00:02]} Qe2 {[%emt 0:00:06]} 37. Rg1 {[%emt 0:00:03]} Qf2 {[%emt 0:00:02]} 38. Kh2 {[%emt 0:00:03]} Rxf3 {[%emt 0:00:02]} 39. Qd6 {[%emt 0:00:05]} Rxg3 {[%emt 0:00:02]} 40. e5 {[%emt 0:00:07]} Rg4 {[%emt 0:00:03] Grizzzly gibt auf (Lag: Av=0.21s, max=0.4s)} 0-1

[Event "Stay Safe Play From Home 165"]
[Site "T#646231Emanuel Laske"]
[Date "2020.05.21"]
[Round "2"]
[White "Tunca"]
[Black "Mepe_Nika"]
[Result "0-1"]
[WhiteElo "1583"]
[BlackElo "2301"]
[Annotator "TA"]
[PlyCount "58"]
[EventDate "2020.05.21"]
[EventType "swiss (blitz)"]

{[%evp 9,58,-84,-45,-66,-55,-80,-77,-75,-73,-114,-110,-226,-218,-233,-236,-362,-100,-101,-89,-100,-69,-85,0,-361,-342,-478,-466,-1304,-666,-663,-656,-638,-624,-29995,-29996,-29996,-29997,-29997,-1993,-2017,1246,340,730,716,741,733,756,752,835,822,1254]} 1. e4 e5 2. f4 exf4 3. Nf3 Nf6 4. Bc4 c6 5. O-O d5 6. exd5 {C34: King's Gambit Accepted: 3 Nf3: 3...Nf6 and 3...d6.} cxd5 {[#]} 7. Bb5+ $146 ({Predecessor:} 7. Bb3 Nc6 8. d4 Bd6 9. Nc3 O-O 10. Bxd5 Re8 11. Bb3 Bg4 12. Nb5 Bb8 13. c3 {½-½ (53) Flude,D (2158)-Price,B (1977) ICCF email 2010}) 7... Nc6 $1 8. d4 {Black is better.} Bd6 9. Re1+ Be6 10. Ng5 (10. Ne5 $17) 10... O-O $19 11. Nxe6 fxe6 12. Rxe6 (12. Bxc6 $142 bxc6 13. Nc3) 12... Re8 $2 (12... f3 $19 {has better winning chances. Strongly threatening ...Ng4.} 13. gxf3 Ne4 $1 {[%mdl 512]} 14. Rxd6 (14. fxe4 $2 Bxh2+ 15. Kh1 Qh4 $19) 14... Nxd6) 13. Rxe8+ $17 Qxe8 14. Nc3 Qg6 {And now ...f3! would win.} 15. Bd3 Qg5 ({Better is} 15... Qf7 $17) 16. Ne2 $2 {[%mdl 8192]} (16. Nb5 $11 {and White has nothing to worry.} Bb8 17. Bd2) 16... Qh4 $1 $19 17. Qf1 {[%cal Rc1f4] [#]} f3 $1 {[%mdl 512]} 18. Qxf3 (18. g3 $142 fxe2 19. gxh4 exf1=N 20. Kxf1) 18... Qxh2+ 19. Kf2 Rf8 $1 {Hoping for ...Ng4+.} 20. Ke1 Ne4 21. Qh3 Bg3+ $1 {[%mdl 64] Overworked Piece} 22. Nxg3 Qg1+ {[%mdl 64] Double Attack} ({Stronger than} 22... Qxg3+ 23. Qxg3 Nxg3 24. c3 $11) 23. Nf1 {[#]} Nxd4 (23... Rxf1+ $142 $1 {[%mdl 512]} 24. Bxf1 Qf2+ {[%mdl 64] Double Attack} 25. Kd1 Qxf1#) 24. Be3 {[#]} Nf2 $4 {[%mdl 8192]} (24... Nxc2+ $1 $19 {[%mdl 512]} 25. Ke2 (25. Bxc2 Qxf1#) 25... Nxe3 26. Qxe3 Rf2+ 27. Qxf2 Qxf2+ 28. Kd1 Qxb2 29. Bxe4 Qxa1+ 30. Ke2 dxe4) 25. Bxd4 $2 (25. Qxh7+ Kf7 26. Bg6+ Ke6 27. Qxg7 {[%mdl 64] Double Attack} Nd3+ 28. Bxd3 Rxf1+ 29. Kd2 Nf3+ 30. Ke2 {[%mdl 64] Double Attack} Rxa1 31. Bxg1 Nxg1+ 32. Kf2) 25... Nxd3+ $2 (25... Re8+ 26. Be2 Nxh3 27. Bxg1 Nxg1) 26. Qxd3 $18 {White is clearly winning.} Qxg2 27. Rd1 Re8+ 28. Ne3 h5 {[#]} 29. Qe2 $1 Rxe3 {[%mdl 32768] Accuracy: White = 36%, Black = 53%. . Loss on time!?} 0-1

[Event "Stay Safe Play From Home 165"]
[Site "T#646231Emanuel Laske"]
[Date "2020.05.21"]
[Round "3"]
[White "Mepe_Nika"]
[Black "Alin1001"]
[Result "1-0"]
[WhiteElo "2302"]
[BlackElo "2012"]
[Annotator "NA"]
[PlyCount "57"]
[EventDate "2020.05.21"]
[EventType "swiss (blitz)"]

1. e4 {[%emt 0:00:01]} c5 {[%emt 0:00:01]} 2. Nf3 {[%emt 0:00:01]} a6 {[%emt 0:00:01]} 3. c3 {[%emt 0:00:06]} d5 {[%emt 0:00:02]} 4. exd5 {[%emt 0:00:03]} Qxd5 {[%emt 0:00:01]} 5. d4 {[%emt 0:00:01]} Nf6 {[%emt 0:00:02]} 6. Be3 {[%emt 0:00:04]} cxd4 {[%emt 0:00:02]} 7. Qxd4 {[%emt 0:00:03]} Nc6 {[%emt 0:00:02]} 8. Qxd5 {[%emt 0:00:04]} Nxd5 {[%emt 0:00:01]} 9. Bc5 {[%emt 0:00:01]} Bg4 {[%emt 0:00:06]} 10. Be2 {[%emt 0:00:03]} Nf4 {[%emt 0:00:06]} 11. Kf1 {[%emt 0:00:17]} O-O-O {[%emt 0:00:12]} 12. h3 {[%emt 0:00:11]} Bh5 {[%emt 0:00:25]} 13. g4 {[%emt 0:00:02]} Bg6 {[%emt 0:00:01]} 14. Nbd2 {[%emt 0:00:01]} e5 {[%emt 0:00:09]} 15. Bxf8 {[%emt 0:00:03]} Rhxf8 {[%emt 0:00:02]} 16. Rd1 {[%emt 0:00:22]} Rd7 {[%emt 0:00:16]} 17. Nb3 {[%emt 0:00:20]} Rxd1+ {[%emt 0:00:10]} 18. Bxd1 {[%emt 0:00:00]} Rd8 {[%emt 0:00:07]} 19. Nfd2 {[%emt 0:00:04]} Bd3+ {[%emt 0:00:11]} 20. Kg1 {[%emt 0:00:04]} a5 {[%emt 0:00:03]} 21. a4 {[%emt 0:00:02]} e4 {[%emt 0:00:15]} 22. Kh2 {[%emt 0:00:02]} Ne5 {[%emt 0:00:02]} 23. Re1 {[%emt 0:00:03]} Nc4 {[%emt 0:00:03]} 24. Nxc4 {[%emt 0:00:04]} Bxc4 {[%emt 0:00:01]} 25. Rxe4 {[%emt 0:00:03]} Be6 {[%emt 0:00:28]} 26. Nd4 {[%emt 0:00:05]} g5 {[%emt 0:00:04]} 27. Bb3 {[%emt 0:00:07]} Bxb3 {[%emt 0:00:05]} 28. Nxb3 {[%emt 0:00:00]} Kd7 {[%emt 0:00:01] '} 29. Rd4+ {[%emt 0:00:03] (Lag: Av=0.42s, max=0.5s)} 1-0

[Event "Stay Safe Play From Home 165"]
[Site "T#646231Emanuel Laske"]
[Date "2020.05.21"]
[Round "3"]
[White "Shahildey"]
[Black "Gavi"]
[Result "0-1"]
[WhiteElo "2110"]
[BlackElo "2049"]
[Annotator "NA RC"]
[PlyCount "44"]
[EventDate "2020.05.21"]
[EventType "swiss (blitz)"]

1. e4 {[%emt 0:00:01]} c6 {[%emt 0:00:02]} 2. d4 {[%emt 0:00:01]} d5 {[%emt 0:00:00]} 3. Nc3 {[%emt 0:00:00]} dxe4 {[%emt 0:00:02]} 4. Nxe4 {[%emt 0:00:00]} Nd7 {[%emt 0:00:01]} 5. Ng5 {[%emt 0:00:02]} Ngf6 {[%emt 0:00:03]} 6. Bd3 {[%emt 0:00:01]} e6 {[%emt 0:00:01]} 7. N1f3 {[%emt 0:00:01]} Bd6 {[%emt 0:00:01]} 8. Qe2 {[%emt 0:00:01]} h6 {[%emt 0:00:07]} 9. Nh3 {[%emt 0:00:01]} Qc7 {[%emt 0:00:07]} 10. b3 {[%emt 0:00:03]} b6 {[%emt 0:00:01]} 11. Bb2 {[%emt 0:00:01]} Bb7 {[%emt 0:00:01]} 12. O-O-O {[%emt 0:00:01]} O-O-O {[%emt 0:00:01]} 13. Ne5 {[%emt 0:00:02]} Rhf8 {[%emt 0:00:06]} 14. f3 {[%emt 0:00:09]} Nd5 {[%emt 0:00:03]} 15. a3 {[%emt 0:00:10]} Kb8 {[%emt 0:00:09]} 16. c4 {[%emt 0:00:02]} Ne7 {[%emt 0:00:02]} 17. Nf4 {[%emt 0:00:06]} c5 {[%emt 0:00:01]} 18. Kb1 {[%emt 0:00:28]} cxd4 {[%emt 0:00:03]} 19. Nxf7 {[%emt 0:00:01]} Bxf4 {[%emt 0:00:06]} 20. Nxd8 {[%emt 0:00:01]} Rxd8 {[%emt 0:00:04]} 21. Qxe6 {[%emt 0:00:01]} Nc5 {[%emt 0:00:03]} 22. Qf5 {[%emt 0:00:05]} Nxf5 {[%emt 0:00:02] Shahildey resigns (Lag: Av=0.80s, max=1.9s)} 0-1

[Event "Stay Safe Play From Home 165"]
[Site "T#646231Emanuel Laske"]
[Date "2020.05.21"]
[Round "3"]
[White "Lazieri3"]
[Black "Matanant"]
[Result "1-0"]
[WhiteElo "2058"]
[BlackElo "1805"]
[Annotator "TA"]
[PlyCount "121"]
[EventDate "2020.05.21"]
[EventType "swiss (blitz)"]

{[%evp 9,121,-56,-44,-45,-29,-44,-36,-36,-29,-44,-27,-34,6,0,-5,-121,7,-91,18,20,17,-194,-18,-14,42,52,31,-39,-47,-47,-12,-8,0,0,0,0,76,82,77,75,84,5,17,0,112,119,106,95,95,50,50,50,80,76,72,61,105,106,116,73,126,126,156,149,156,125,130,131,132,129,129,129,143,133,162,164,167,165,177,179,341,193,206,212,206,206,294,290,297,289,332,317,500,235,366,227,302,307,307,274,259,15,18,18,80,80,78,51,51,15,26,8,43,50]} 1. e4 e5 2. Nf3 d5 3. Nc3 d4 4. Ne2 Bd6 5. d3 Ne7 6. g3 {A00: Irregular Openings.} O-O 7. Bg2 {[#]} Bg4 $146 ({Predecessor:} 7... c5 8. O-O Nbc6 9. Ne1 Ng6 10. Kh1 f6 11. f4 exf4 12. gxf4 Nh4 13. Rg1 Nxg2 14. Rxg2 {0-1 (30) Gudok,V (1802)-Bulgarini Torres,M (1958) LSS email 2012}) 8. O-O {Black is slightly better.} Qd7 9. Ne1 f6 10. f4 f5 (10... exf4 {looks sharper.} 11. gxf4 c5 12. c3 Nbc6 13. Nf3 Rac8) 11. fxe5 (11. h3 $5 {[%cal Rh3g4]} Bxe2 12. Qxe2 $11) 11... Bxe5 12. exf5 (12. Nf3 $11 Bxf3 13. Bxf3 (13. Rxf3 c5 $11)) 12... Nxf5 ({Black should try} 12... Nbc6 $17 13. h3 Bxf5) 13. Nf3 (13. Bxb7 $11 Nc6 14. Bxa8 Rxa8 15. Nf3) 13... Bxf3 (13... Nc6 $17) 14. Bxf3 $11 Nc6 15. Bf4 $2 (15. Be4 $11 {and White is okay.}) 15... Rae8 $2 (15... Bxf4 $1 $19 16. Nxf4 Ne3 {[%mdl 64] Double Attack}) 16. Bd2 Ne3 (16... Bd6 $11) 17. Bxe3 $1 $14 dxe3 18. Be4 (18. c3 $14) 18... Nd4 19. Nxd4 $1 Bxd4 20. Qe2 Rf2 21. Rxf2 exf2+ 22. Kg2 Rf8 {[#]} (22... Bxb2 $11 23. Rf1 Bd4) 23. c3 $1 $16 {[%cal Rc3d4]} Bb6 24. Rf1 c6 25. Qh5 (25. d4 $16) 25... g6 $11 26. Qe2 h5 (26... Qe6 $11 {remains equal.}) 27. Bxg6 $16 h4 28. gxh4 Rf4 29. Qe8+ Qxe8 30. Bxe8 Rxh4 $14 {[%mdl 4096] Endgame KRB-KRB} 31. Bd7 Rh7 32. Be6+ Kf8 33. d4 Ke7 34. Bg4 Bc7 (34... Rg7 $142) 35. h3 $16 ({Of course not} 35. Kxf2 $6 Rxh2+ 36. Kf3 Rxb2 $11) 35... Kd6 36. Rxf2 Bd8 37. Re2 Bh4 38. Re6+ Kc7 39. Rg6 Rf7 {[#]} 40. Bf3 $1 a5 41. Rg4 Be1 42. h4 Bd2 43. h5 Bc1 44. b3 Bb2 $2 (44... Bh6 45. Kf2 Rg7) 45. c4 (45. h6 $142 {Strongly threatening Rg7.} Rf8 46. c4) 45... Rd7 46. d5 cxd5 47. Bxd5 b5 (47... Rg7 $142 48. Kh3 Rxg4 49. Kxg4 b6) 48. h6 $18 a4 49. Rg6 Kd8 50. Rg8+ Ke7 (50... Kc7 $142 51. bxa4 bxa4) 51. Be4 (51. Rg7+ $142 Kd6 52. Rxd7+ Kxd7 53. cxb5) 51... Kd6 (51... axb3 $142 52. axb3 bxc4 53. bxc4 Rd4) 52. a3 axb3 53. cxb5 {And now b6 would win.} Kc5 54. h7 Kxb5 55. h8=Q $2 (55. Rb8+ $18 Kc5 56. Rxb3) 55... Bxh8 $11 56. Rxh8 {KRB-KR} Rd2+ (56... Kc4 $1 $11) 57. Kf3 $16 {Hoping for Ke3.} Ra2 58. Kf4 Kc4 59. Rb8 Kc3 60. Ke5 Kb2 61. Bd5 {Black defended with fortune. Accuracy: White = 63%, Black = 45%.} 1-0

[Event "Stay Safe Play From Home 165"]
[Site "T#646231Emanuel Laske"]
[Date "2020.05.21"]
[Round "3"]
[White "Dukic"]
[Black "Haris kollari 13"]
[Result "1-0"]
[WhiteElo "1854"]
[BlackElo "1993"]
[Annotator "NA"]
[PlyCount "97"]
[EventDate "2020.05.21"]
[EventType "swiss (blitz)"]

1. c4 {[%emt 0:00:04]} b6 {[%emt 0:00:02]} 2. Nc3 {[%emt 0:00:01]} Bb7 {[%emt 0:00:01]} 3. d4 {[%emt 0:00:02]} g6 {[%emt 0:00:01]} 4. e4 {[%emt 0:00:01]} Bg7 {[%emt 0:00:01]} 5. Be3 {[%emt 0:00:01]} d6 {[%emt 0:00:02]} 6. f3 {[%emt 0:00:01]} Qd7 {[%emt 0:00:01]} 7. Qd2 {[%emt 0:00:01]} h5 {[%emt 0:00:02]} 8. Nge2 {[%emt 0:00:01]} Nc6 {[%emt 0:00:02]} 9. O-O-O {[%emt 0:00:05]} O-O-O {[%emt 0:00:02]} 10. Kb1 {[%emt 0:00:02]} Kb8 {[%emt 0:00:01]} 11. d5 {[%emt 0:00:07]} Ne5 {[%emt 0:00:03]} 12. Nd4 {[%emt 0:00:01]} a6 {[%emt 0:00:10]} 13. Be2 {[%emt 0:00:02]} f6 {[%emt 0:00:03]} 14. h3 {[%emt 0:00:02]} Rc8 {[%emt 0:00:10]} 15. Ne6 {[%emt 0:00:01]} Bh6 {[%emt 0:00:03]} 16. f4 {[%emt 0:00:01]} Nf7 {[%emt 0:00:02]} 17. g4 {[%emt 0:00:06]} Re8 {[%emt 0:00:08]} 18. gxh5 {[%emt 0:00:04]} gxh5 {[%emt 0:00:02]} 19. Rhg1 {[%emt 0:00:03]} Nd8 {[%emt 0:00:06]} 20. f5 {[%emt 0:00:14]} Nxe6 {[%emt 0:00:03]} 21. fxe6 {[%emt 0:00:04]} Qd8 {[%emt 0:00:02]} 22. Rxg8 {[%emt 0:00:10]} Bxe3 {[%emt 0:00:02]} 23. Rxe8 {[%emt 0:00:01]} Bxd2 {[%emt 0:00:13]} 24. Rxd8+ {[%emt 0:00:02]} Rxd8 {[%emt 0:00:00]} 25. Rxd2 {[%emt 0:00:01]} Rg8 {[%emt 0:00:01]} 26. Bxh5 {[%emt 0:00:02]} Rg1+ {[%emt 0:00:03]} 27. Kc2 {[%emt 0:00:02]} Rg3 {[%emt 0:00:03]} 28. Rh2 {[%emt 0:00:03]} c6 {[%emt 0:00:04]} 29. Bf7 {[%emt 0:00:06]} cxd5 {[%emt 0:00:01]} 30. exd5 {[%emt 0:00:02]} b5 {[%emt 0:00:01]} 31. b3 {[%emt 0:00:02]} a5 {[%emt 0:00:11]} 32. Nxb5 {[%emt 0:00:03]} a4 {[%emt 0:00:03]} 33. bxa4 {[%emt 0:00:03]} Ba6 {[%emt 0:00:05]} 34. h4 {[%emt 0:00:01]} Kb7 {[%emt 0:00:01]} 35. h5 {[%emt 0:00:01]} Kb6 {[%emt 0:00:00]} 36. h6 {[%emt 0:00:01]} Kc5 {[%emt 0:00:00]} 37. Rh4 {[%emt 0:00:06]} Rg2+ {[%emt 0:00:05]} 38. Kb3 {[%emt 0:00:03]} Rg3+ {[%emt 0:00:02]} 39. Nc3 {[%emt 0:00:04]} Kb6 {[%emt 0:00:19]} 40. h7 {[%emt 0:00:01]} Ka5 {[%emt 0:00:11]} 41. h8=Q {[%emt 0:00:03]} Kb6 {[%emt 0:00:09]} 42. Qd8+ {[%emt 0:00:02]} Ka7 {[%emt 0:00:03]} 43. Qxe7+ {[%emt 0:00:02]} Bb7 {[%emt 0:00:02]} 44. Qxd6 {[%emt 0:00:02]} Ba6 {[%emt 0:00:05]} 45. Qxg3 {[%emt 0:00:02]} Bxc4+ {[%emt 0:00:02]} 46. Rxc4 {[%emt 0:00:03]} Kb6 {[%emt 0:00:01]} 47. Qd6+ {[%emt 0:00:03]} Kb7 {[%emt 0:00:01]} 48. Rc7+ {[%emt 0:00:01]} Kb8 {[%emt 0:00:01]} 49. Qd8# {[%emt 0:00:01] (Lag: Av=0.38s, max=0.9s)} 1-0

[Event "Stay Safe Play From Home 165"]
[Site "T#646231Emanuel Laske"]
[Date "2020.05.21"]
[Round "3"]
[White "Isak Kelmendi"]
[Black "Sfantul321"]
[Result "0-1"]
[WhiteElo "1784"]
[BlackElo "2055"]
[Annotator "NA"]
[PlyCount "76"]
[EventDate "2020.05.21"]
[EventType "swiss (blitz)"]

1. e4 {[%emt 0:00:00]} g6 {[%emt 0:00:04]} 2. d4 {[%emt 0:00:01]} Bg7 {[%emt 0:00:01]} 3. Nf3 {[%emt 0:00:00]} d6 {[%emt 0:00:01]} 4. Nc3 {[%emt 0:00:00]} Bg4 {[%emt 0:00:01]} 5. Bc4 {[%emt 0:00:01]} Nf6 {[%emt 0:00:01]} 6. Be3 {[%emt 0:00:01]} O-O {[%emt 0:00:01]} 7. Qd2 {[%emt 0:00:02]} Bxf3 {[%emt 0:00:02]} 8. gxf3 {[%emt 0:00:00]} Nc6 {[%emt 0:00:01]} 9. O-O-O {[%emt 0:00:07]} e5 {[%emt 0:00:01]} 10. d5 {[%emt 0:00:01]} Ne7 {[%emt 0:00:01]} 11. Bh6 {[%emt 0:00:01]} Nh5 {[%emt 0:00:02]} 12. Bxg7 {[%emt 0:00:01]} Kxg7 {[%emt 0:00:01]} 13. Ne2 {[%emt 0:00:01]} f5 {[%emt 0:00:01]} 14. Rhg1 {[%emt 0:00:01]} f4 {[%emt 0:00:01]} 15. Rg2 {[%emt 0:00:04]} Qd7 {[%emt 0:00:02]} 16. Rdg1 {[%emt 0:00:01]} a6 {[%emt 0:00:01]} 17. Rg5 {[%emt 0:00:03]} Kh8 {[%emt 0:00:02]} 18. Qe1 {[%emt 0:00:05]} Qh3 {[%emt 0:00:03]} 19. Kb1 {[%emt 0:00:13]} b5 {[%emt 0:00:04]} 20. Bd3 {[%emt 0:00:01]} Qxf3 {[%emt 0:00:04]} 21. R1g2 {[%emt 0:00:02]} Qh3 {[%emt 0:00:02]} 22. Ng1 {[%emt 0:00:02]} Qd7 {[%emt 0:00:02]} 23. f3 {[%emt 0:00:03]} c6 {[%emt 0:00:03]} 24. Ne2 {[%emt 0:00:05]} cxd5 {[%emt 0:00:01]} 25. exd5 {[%emt 0:00:01]} Nxd5 {[%emt 0:00:02]} 26. Be4 {[%emt 0:00:04]} Ne3 {[%emt 0:00:01]} 27. Bxa8 {[%emt 0:00:02]} Nxg2 {[%emt 0:00:01]} 28. Rxg2 {[%emt 0:00:03]} Rxa8 {[%emt 0:00:01]} 29. Nc3 {[%emt 0:00:02]} Qc6 {[%emt 0:00:05]} 30. Qe2 {[%emt 0:00:09]} Nf6 {[%emt 0:00:03]} 31. h4 {[%emt 0:00:01]} b4 {[%emt 0:00:02]} 32. Ne4 {[%emt 0:00:01]} Nxe4 {[%emt 0:00:01]} 33. fxe4 {[%emt 0:00:00]} Rf8 {[%emt 0:00:01]} 34. h5 {[%emt 0:00:01]} f3 {[%emt 0:00:01]} 35. Qf2 {[%emt 0:00:02]} Qxe4 {[%emt 0:00:01]} 36. Rg3 {[%emt 0:00:01]} Qe2 {[%emt 0:00:03]} 37. Qxe2 {[%emt 0:00:04]} fxe2 {[%emt 0:00:02]} 38. Re3 {[%emt 0:00:01]} Rf1# {[%emt 0:00:01] (Lag: Av=0.24s, max=0.6s)} 0-1

[Event "Stay Safe Play From Home 165"]
[Site "T#646231Emanuel Laske"]
[Date "2020.05.21"]
[Round "3"]
[White "Lucknow"]
[Black "Grizzzly"]
[Result "1-0"]
[WhiteElo "1719"]
[BlackElo "1653"]
[Annotator "NA"]
[PlyCount "57"]
[EventDate "2020.05.21"]
[EventType "swiss (blitz)"]

1. d4 {[%emt 0:00:02]} d5 {[%emt 0:00:02]} 2. c4 {[%emt 0:00:01]} e6 {[%emt 0:00:01]} 3. Nf3 {[%emt 0:00:01]} Nf6 {[%emt 0:00:00]} 4. Nc3 {[%emt 0:00:01]} Nbd7 {[%emt 0:00:01]} 5. e3 {[%emt 0:00:01]} Bb4 {[%emt 0:00:02]} 6. Bd3 {[%emt 0:00:01]} O-O {[%emt 0:00:01]} 7. O-O {[%emt 0:00:01]} dxc4 {[%emt 0:00:03]} 8. Bxc4 {[%emt 0:00:01]} c5 {[%emt 0:00:01]} 9. Qe2 {[%emt 0:00:02]} Bxc3 {[%emt 0:00:05]} 10. bxc3 {[%emt 0:00:01]} b6 {[%emt 0:00:00]} 11. Rd1 {[%emt 0:00:02]} Bb7 {[%emt 0:00:01]} 12. a4 {[%emt 0:00:04]} cxd4 {[%emt 0:00:08]} 13. cxd4 {[%emt 0:00:03]} Rc8 {[%emt 0:00:06]} 14. Ba3 {[%emt 0:00:02]} Re8 {[%emt 0:00:02]} 15. Rac1 {[%emt 0:00:02]} Bd5 {[%emt 0:00:19]} 16. Ba6 {[%emt 0:00:22]} Rxc1 {[%emt 0:00:03]} 17. Rxc1 {[%emt 0:00:00]} Qb8 {[%emt 0:00:07]} 18. Qc2 {[%emt 0:00:18]} Bxf3 {[%emt 0:00:06]} 19. gxf3 {[%emt 0:00:00]} e5 {[%emt 0:00:02]} 20. dxe5 {[%emt 0:00:22]} Nxe5 {[%emt 0:00:01]} 21. Qf5 {[%emt 0:00:03]} Qd8 {[%emt 0:00:25]} 22. Kg2 {[%emt 0:00:11]} Qd7 {[%emt 0:00:14]} 23. Qxd7 {[%emt 0:00:05]} Nexd7 {[%emt 0:00:07]} 24. Rc7 {[%emt 0:00:03]} Ne5 {[%emt 0:00:20]} 25. f4 {[%emt 0:00:15]} Nd3 {[%emt 0:00:09]} 26. Bxd3 {[%emt 0:00:02]} h6 {[%emt 0:00:02]} 27. Bc4 {[%emt 0:00:01]} Ne4 {[%emt 0:00:10]} 28. Bxf7+ {[%emt 0:00:06]} Kh8 {[%emt 0:00:02]} 29. Bxe8 {[%emt 0:00:01] Grizzzly gibt auf (Lag: Av=0.34s, max=0.6s)} 1-0

[Event "Stay Safe Play From Home 165"]
[Site "T#646231Emanuel Laske"]
[Date "2020.05.21"]
[Round "3"]
[White "W Nelles"]
[Black "Tunca"]
[Result "0-1"]
[WhiteElo "1213"]
[BlackElo "1583"]
[Annotator "NA"]
[PlyCount "90"]
[EventDate "2020.05.21"]
[EventType "swiss (blitz)"]

1. e4 {[%emt 0:00:02]} Nf6 {[%emt 0:00:02]} 2. e5 {[%emt 0:00:02]} Nd5 {[%emt 0:00:01]} 3. c4 {[%emt 0:00:02]} Nb6 {[%emt 0:00:01]} 4. b3 {[%emt 0:00:02]} d6 {[%emt 0:00:01]} 5. Bb2 {[%emt 0:00:02]} Nc6 {[%emt 0:00:04]} 6. Nf3 {[%emt 0:00:02]} Bg4 {[%emt 0:00:02]} 7. Be2 {[%emt 0:00:02]} Bxf3 {[%emt 0:00:08]} 8. Bxf3 {[%emt 0:00:04]} dxe5 {[%emt 0:00:01]} 9. Bxc6+ {[%emt 0:00:02]} bxc6 {[%emt 0:00:02]} 10. Bxe5 {[%emt 0:00:03]} Qd3 {[%emt 0:00:17]} 11. Qe2 {[%emt 0:00:05]} Qxe2+ {[%emt 0:00:05]} 12. Kxe2 {[%emt 0:00:01]} O-O-O {[%emt 0:00:00]} 13. Rd1 {[%emt 0:00:03]} e6 {[%emt 0:00:03]} 14. d4 {[%emt 0:00:02]} f6 {[%emt 0:00:03]} 15. Bg3 {[%emt 0:00:02]} Bd6 {[%emt 0:00:00]} 16. Nc3 {[%emt 0:00:02]} Bxg3 {[%emt 0:00:05]} 17. hxg3 {[%emt 0:00:02]} Rhe8 {[%emt 0:00:00]} 18. Ne4 {[%emt 0:00:07]} e5 {[%emt 0:00:06]} 19. d5 {[%emt 0:00:07]} cxd5 {[%emt 0:00:02]} 20. cxd5 {[%emt 0:00:02]} Nxd5 {[%emt 0:00:02]} 21. Rac1 {[%emt 0:00:04]} Kb8 {[%emt 0:00:05]} 22. Nc5 {[%emt 0:00:04]} Nb6 {[%emt 0:00:10]} 23. Na6+ {[%emt 0:00:04]} Kb7 {[%emt 0:00:02]} 24. Nxc7 {[%emt 0:00:05]} Rxd1 {[%emt 0:00:01]} 25. Rxd1 {[%emt 0:00:09]} Rc8 {[%emt 0:00:01]} 26. Ne6 {[%emt 0:00:08]} Rc2+ {[%emt 0:00:01]} 27. Kf3 {[%emt 0:00:02]} g6 {[%emt 0:00:04]} 28. Nd8+ {[%emt 0:00:04]} Ka6 {[%emt 0:00:01]} 29. Ne6 {[%emt 0:00:03]} Rxa2 {[%emt 0:00:01]} 30. Nc5+ {[%emt 0:00:02]} Kb5 {[%emt 0:00:02]} 31. Ne6 {[%emt 0:00:07]} Rb2 {[%emt 0:00:01]} 32. Kg4 {[%emt 0:00:07]} Rxb3 {[%emt 0:00:02]} 33. f3 {[%emt 0:00:02]} Rb2 {[%emt 0:00:06]} 34. Nf8 {[%emt 0:00:04]} h5+ {[%emt 0:00:03]} 35. Kh3 {[%emt 0:00:05]} g5 {[%emt 0:00:02]} 36. Nh7 {[%emt 0:00:02]} a5 {[%emt 0:00:02]} 37. Nxf6 {[%emt 0:00:01]} a4 {[%emt 0:00:00]} 38. Ne4 {[%emt 0:00:06]} a3 {[%emt 0:00:03]} 39. Nc3+ {[%emt 0:00:01]} Kb4 {[%emt 0:00:00]} 40. Nd5+ {[%emt 0:00:07]} Nxd5 {[%emt 0:00:04]} 41. Rxd5 {[%emt 0:00:01]} a2 {[%emt 0:00:01]} 42. Rxe5 {[%emt 0:00:01]} a1=Q {[%emt 0:00:02]} 43. Re4+ {[%emt 0:00:01]} Ka3 {[%emt 0:00:03]} 44. Re3+ {[%emt 0:00:01]} Rb3 {[%emt 0:00:01]} 45. Re8 {[%emt 0:00:03]} Qh1# {[%emt 0:00:01] (Lag: Av=0.55s, max=1.0s)} 0-1

[Event "Stay Safe Play From Home 165"]
[Site "T#646231Emanuel Laske"]
[Date "2020.05.21"]
[Round "4"]
[White "Gavi"]
[Black "Mepe_Nika"]
[Result "0-1"]
[WhiteElo "2069"]
[BlackElo "2307"]
[Annotator "TA"]
[PlyCount "22"]
[EventDate "2020.05.21"]
[EventType "swiss (blitz)"]

{[%evp 9,12,13,15,-335,-331]} 1. Nf3 c5 2. e4 Nc6 3. d4 cxd4 4. Nxd4 g6 5. Nc3 Bg7 6. Bc4 $2 {[%mdl 8192] [#] B34: Sicilian: Accelerated Dragon with 5 Nc3: sidelines.} (6. Be3 $11 {and White stays safe.}) 6... Nxd4 {[#]} {Predecessor:} 7. Be3 $146 Nc6 8. O-O Bxc3 9. bxc3 d6 10. f4 Nf6 11. Qd3 O-O {0-1 (11) Korolev,A (2351)-Abbasifar,H (2411) Kimovsk 2011} 0-1